| 000 | 01041nam a22003017a 4500 | ||
|---|---|---|---|
| 003 | OSt | ||
| 005 | 20250604113205.0 | ||
| 008 | 250604b |||||||| |||| 00| 0 eng d | ||
| 020 | _a9780128142042 (paperback) | ||
| 040 |
_aNUST _beng _cNUST _dNUST _erda |
||
| 050 | _aTK5102.9 CHA | ||
| 100 |
_aChaparro, Luis _eAuthor |
||
| 245 |
_aSignals and Systems using MATLAB / _cLuis Chaparro and Aydin Akan. |
||
| 250 | _aThird edition. | ||
| 260 |
_aLondon : _bAcademic Press, _c2019. |
||
| 300 |
_axix, 816 pages : _bIllustrations ; _c27 cm. |
||
| 336 |
_2rdamedia _atext _btxt |
||
| 337 |
_2rdamedia _aunmediated _bn |
||
| 338 |
_2rdamedia _avolume _bnc |
||
| 504 | _aIncludes bibliographical references index. | ||
| 650 | _vTelecommunication. | ||
| 650 | _vElectronics nuclear. | ||
| 650 | _vNuclear engineering . | ||
| 650 | _v Technology electrical engineering. | ||
| 650 | _vElectronics nuclear engineering. | ||
| 700 |
_aAkan, Aydin _eAuthor |
||
| 942 |
_2lcc _cBOOKS _eThird edition. _hTK5102.9 CHA _kTK _mCHA _n0 |
||
| 999 |
_c171963 _d171963 |
||